000 01158nam a2200301 4500
001 0000018344
003 CO-CtgCURN
005 20250329191005.0
007 ta
008 160627s 000 0 eng d
020 _a9583321559
040 _aCO-CtgCURN
_bspa
_ccoctgcurn
082 0 _a657.8
_bC67f
100 1 _aCordoba Padilla, Marcial.
245 1 0 _aFinanzas basicas :
_benfoque para la pequeña y mediana empresa /
_cMarcial Cordoba Padilla.
260 _aMedellin :
_bUryco ltda
300 _a128 p.
336 _2rdacontent
337 _2rdamedia
_asin mediacion
_bn
338 _2rdacarrier
_avolumen
_bnc
500 _aIncluye indice de contenido.
504 _aBibliografia (p. 129)
505 8 _aPapel de la gerencia financiera.--Administracion del capital de trabajo.--Inversiones y presupuesto de capital.--Estructura financiera y apalancamiento.--Costo de capital.--Financiacion a largo plazo.--La inflacion y su incidencia en la Administración financiera
650 1 4 _aEmpresas
_vFinanzas.
908 _a160627
942 _cBK
_h657.8
_iC67f
_2ddc
999 _c10443
_d10443